<?xml version="1.0" encoding="UTF-8"?>
<record
    xmlns:xsi="http://www.w3.org/2001/XMLSchema-instance"
    xsi:schemaLocation="http://www.loc.gov/MARC21/slim http://www.loc.gov/standards/marcxml/schema/MARC21slim.xsd"
    xmlns="http://www.loc.gov/MARC21/slim">

  <leader>00859na  a2200253   4500</leader>
  <controlfield tag="001">18261</controlfield>
  <controlfield tag="003">MIRAKIL</controlfield>
  <controlfield tag="005">20181213154807.0</controlfield>
  <controlfield tag="008">161115b        tu            000 0      </controlfield>
  <datafield tag="020" ind1=" " ind2=" ">
    <subfield code="a">9759691604</subfield>
  </datafield>
  <datafield tag="040" ind1=" " ind2=" ">
    <subfield code="a">Milas</subfield>
    <subfield code="b">tur</subfield>
    <subfield code="c">TR-AnCHP</subfield>
  </datafield>
  <datafield tag="041" ind1=" " ind2=" ">
    <subfield code="a">tur</subfield>
  </datafield>
  <datafield tag="082" ind1=" " ind2=" ">
    <subfield code="a">333.79</subfield>
    <subfield code="b">G96d 1999</subfield>
  </datafield>
  <datafield tag="090" ind1=" " ind2=" ">
    <subfield code="a">333.79 G96d 1999</subfield>
  </datafield>
  <datafield tag="100" ind1=" " ind2=" ">
    <subfield code="a">G&#xFC;rsoy, Umur</subfield>
  </datafield>
  <datafield tag="245" ind1=" " ind2=" ">
    <subfield code="a">Dikensiz g&#xFC;l temiz enerji</subfield>
    <subfield code="b">Do&#x11F;u Akdeniz &#xE7;evrecileri temiz ve yenilenebilir enerji kaynaklar&#x131;m&#x131;z raporu</subfield>
    <subfield code="c">Umur G&#xFC;rsoy</subfield>
  </datafield>
  <datafield tag="246" ind1=" " ind2=" ">
    <subfield code="a">Do&#x11F;u Akdeniz &#xE7;evrecileri temiz ve yenilenebilir enerji kaynaklar&#x131;m&#x131;z raporu</subfield>
  </datafield>
  <datafield tag="260" ind1=" " ind2=" ">
    <subfield code="a">&#x130;skenderun</subfield>
    <subfield code="b">&#x130;skenderun &#xC7;evre Koruma Derne&#x11F;i</subfield>
    <subfield code="c">1999</subfield>
  </datafield>
  <datafield tag="300" ind1=" " ind2=" ">
    <subfield code="a">283 s.</subfield>
    <subfield code="b">res.; tbl.; grf.</subfield>
    <subfield code="c">20 sm.</subfield>
  </datafield>
  <datafield tag="504" ind1=" " ind2=" ">
    <subfield code="a">Dizin var.</subfield>
  </datafield>
  <datafield tag="650" ind1=" " ind2=" ">
    <subfield code="a">&#xC7;evre</subfield>
    <subfield code="x">Eneji</subfield>
    <subfield code="y">Raporlar</subfield>
  </datafield>
  <datafield tag="651" ind1=" " ind2=" ">
    <subfield code="a">Do&#x11F;u Akdeniz</subfield>
    <subfield code="x">Yenilenebilir enerji</subfield>
    <subfield code="y">Raporlar</subfield>
  </datafield>
  <datafield tag="942" ind1=" " ind2=" ">
    <subfield code="2">ddc</subfield>
    <subfield code="c">BKS</subfield>
  </datafield>
  <datafield tag="952" ind1=" " ind2=" ">
    <subfield code="a">0002</subfield>
    <subfield code="b">0002</subfield>
    <subfield code="d">2016-11-15</subfield>
    <subfield code="e">2</subfield>
    <subfield code="l">0</subfield>
    <subfield code="o">333.79 G96d 1999</subfield>
    <subfield code="p">P00685</subfield>
    <subfield code="r">2016-11-15 00:00:00</subfield>
    <subfield code="w">2016-11-15</subfield>
    <subfield code="y">BKS</subfield>
  </datafield>
  <datafield tag="952" ind1=" " ind2=" ">
    <subfield code="a">0001</subfield>
    <subfield code="b">0001</subfield>
    <subfield code="d">2016-12-14</subfield>
    <subfield code="e">2</subfield>
    <subfield code="l">0</subfield>
    <subfield code="o">333.79 G96d 1999</subfield>
    <subfield code="p">010702</subfield>
    <subfield code="r">2016-12-14 00:00:00</subfield>
    <subfield code="t">k.2</subfield>
    <subfield code="v">0.00</subfield>
    <subfield code="w">2016-12-14</subfield>
    <subfield code="y">BKS</subfield>
  </datafield>
  <datafield tag="999" ind1=" " ind2=" ">
    <subfield code="c">961</subfield>
    <subfield code="d">961</subfield>
  </datafield>
</record>
